| 000 | 00619nam a2200217 a 4500 | ||
|---|---|---|---|
| 001 | 69883 | ||
| 003 | BD-RjUL | ||
| 005 | 20211209081933.0 | ||
| 008 | 170415s1950 nyu 001 0 eng | ||
| 035 | _a(BD-RjUL)70095 | ||
| 040 |
_aDLC _cFM _dBD-RjUL _beng |
||
| 041 | _aeng | ||
| 082 |
_a917.47 _223 _bEAN 1950 |
||
| 100 | 1 |
_aEarly, Eleanor. _9206958 |
|
| 245 | 1 | 0 |
_aNew York holiday / _cEleanor Early |
| 260 |
_aNew York : _bRinehart, _cc1950 |
||
| 300 |
_a376 p. ; _c21 cm. |
||
| 651 | 0 |
_aNew York (N.Y.) _vGuidebooks. _9206959 |
|
| 651 | 0 |
_aHarlem (New York, N.Y.) _xDescription and travel. _9206960 |
|
| 942 |
_2ddc _cBK |
||
| 999 |
_c69883 _d69883 |
||